000
00294nam a22001337a 4500
008
170526b xxu||||| |||| 00| 0 eng d
020
_a
01321310999
041
_a
eng
080
_a
62
100
_a
25
101
_a
IM
245
_a
DIGITAL MOS INTEGRATED CIRCUITS
_c
WANG, N
942
_2
udc
_c
BK
999
_c
14363
_d
14363